000 01183nam a22003251a 4500
001 2883194
005 20110718132434.0
008 860305s1985 enkam b 001 0 eng
010 _a86126567
020 _a0340586451
020 _a0340586451
035 _9(DLC) 86126567
040 _aDLC
_cDLC
_dDLC
050 0 0 _aRYH 9115
050 0 0 _aPE1074.7
_b.T78 1985
082 0 0 _aPE 1074.7.T78 1982
_219
100 1 _aTrudgill, Peter.
245 1 0 _aInternational English :
_ba guide to varieties of standard English /
_cPeter Trudgill and Jean Hannah.
_h[Text]
250 _a2nd ed.
260 _aLondon
_bE. Arnold
_c1985
300 _axv,130 p. : ill. ; 22 cm. + 1 sound cassette (analog)
500 _aIncludes index.
504 _aBibliography: p. [117]-120.
590 _aAccompanying sound recording shelved in the Recorded Sound Section of the Motion Picture, Broadcasting, and Recorded Sound Division.
650 0 _aCommunication, International
650 0 _aEnglish language
_xVariation
_zForeign countries.
700 1 _aHannah, Jean.
906 _a7
_bcbc
_corignew
_d2
_encip
_f19
_gy-gencatlg
991 _bc-Music
_hPE1074.7
_i.T78 1985
_tCopy 1
_mPhon Case
_wBOOKS
999 _c37264
_d37264